[Event "Split op 12th"]
[Site "Split"]
[Date "2023.08.05"]
[Round "1"]
[White "Bulat, Robert"]
[Black "Vojak, Daniel"]
[Result "0-1"]
[WhiteElo "1757"]
[BlackElo "2291"]
[PlyCount "50"]
[EventDate "2023.08.05"]
[EventType "swiss"]
[EventRounds "9"]
[EventCountry "CRO"]
[SourceTitle "CBM 215 Extra"]
[Source "ChessBase"]
[SourceDate "2023.09.30"]
[SourceVersion "1"]
[SourceVersionDate "2023.09.30"]
[SourceQuality "1"]

1. f4 g6 2. Nf3 Bg7 3. g3 Nf6 4. Bg2 0-0 5. 0-0 d5 6. d3 c5 7. c3 Nc6 8. Ne5 Qc7 9. Nxc6 bxc6 10. e4 e5 11. Qa4 dxe4 12. dxe4 Qb6 13. Kh1 Ba6 14. c4 Rad8 15. fxe5 Ng4 16. Na3 Nxe5 17. Rb1 Nd3 18. Bg5 Rd7 19. Bf6 Bxf6 20. Rxf6 Ne5 21. b4 cxb4 22. c5 Qxc5 23. Qxa6 bxa3 24. Rff1 Rd2 25. Bh3 Qc2 0-1

[Event "CRO Cup"]
[Site "Vodice"]
[Date "2022.05.19"]
[Round "3.5"]
[White "Vojak, Daniel"]
[Black "Golubovic, Boris"]
[Result "1/2-1/2"]
[WhiteElo "2335"]
[BlackElo "2360"]
[PlyCount "57"]
[EventDate "2022.05.18"]
[EventType "team-swiss"]
[EventRounds "6"]
[EventCountry "CRO"]
[SourceTitle "CBM 208 Extra"]
[Source "ChessBase"]
[SourceDate "2022.07.31"]
[SourceVersion "1"]
[SourceVersionDate "2022.07.31"]
[SourceQuality "1"]
[WhiteTeam "Sveta Nedelja"]
[BlackTeam "Rijeka Rijeka"]
[WhiteTeamCountry "CRO"]
[BlackTeamCountry "CRO"]

1. e4 Nc6 2. Nf3 d6 3. d4 Nf6 4. Nc3 g6 5. d5 Nb8 6. Be2 Bg7 7. 0-0 0-0 8. a4 c6 9. a5 Bg4 10. Be3 Nfd7 11. h3 Bxf3 12. Bxf3 c5 13. Qd2 Na6 14. Bh6 Nc7 15. Bxg7 Kxg7 16. Be2 Rb8 17. Nd1 Nf6 18. Bd3 b5 19. c3 c4 20. Bc2 e6 21. dxe6 Nxe6 22. Ne3 Nc5 23. Qd4 Ne6 24. Qd2 Nc5 25. Rfd1 Re8 26. Qd4 Kg8 27. Nd5 Nxd5 28. Qxd5 Re6 29. Rd4 1/2-1/2

[Event "Solta op 4th"]
[Site "Grohote"]
[Date "2021.08.09"]
[Round "3"]
[White "Zaja, Ivan"]
[Black "Vojak, Daniel"]
[Result "1/2-1/2"]
[WhiteElo "2457"]
[BlackElo "2257"]
[PlyCount "72"]
[EventDate "2021.08.08"]
[EventType "swiss"]
[EventRounds "9"]
[EventCountry "CRO"]
[SourceTitle "CBM 203 Extra"]
[Source "ChessBase"]
[SourceDate "2021.09.30"]
[SourceVersion "1"]
[SourceVersionDate "2021.09.30"]
[SourceQuality "1"]

1. d4 Nf6 2. c4 c5 3. d5 b5 4. cxb5 a6 5. b6 d6 6. Nc3 Nbd7 7. e4 Rb8 8. Nf3 g6 9. Be2 Bg7 10. 0-0 0-0 11. h3 Rxb6 12. Qc2 Ne8 13. Bg5 Nc7 14. a4 Rb4 15. Rfe1 Ne5 16. Nxe5 Bxe5 17. Rab1 a5 18. Na2 Rb8 19. Bh6 Re8 20. Bd2 e6 21. Bxa5 Ra8 22. Bb6 exd5 23. Bb5 Bd7 24. Nc3 Bxc3 25. bxc3 dxe4 26. Bxc7 Qxc7 27. Rxe4 d5 28. Rxe8+ Rxe8 29. Qd1 Qd6 30. Rc1 Rb8 31. Bxd7 Qxd7 32. Ra1 Ra8 33. a5 d4 34. cxd4 cxd4 35. Qd3 Qc7 36. a6 Qc3 1/2-1/2

[Event "FIDE World Uni Rapid-B 1st"]
[Site "Tornelo INT"]
[Date "2021.03.21"]
[Round "9"]
[White "Hernandez Gonzalez, William"]
[Black "Vojak, Daniel"]
[Result "1-0"]
[WhiteElo "2481"]
[BlackElo "2232"]
[PlyCount "49"]
[EventDate "2021.03.20"]
[EventType "swiss (rapid)"]
[EventRounds "12"]
[EventCountry "NET"]
[SourceTitle "CBM 201 Extra"]
[Source "ChessBase"]
[SourceDate "2021.05.31"]
[SourceVersion "1"]
[SourceVersionDate "2021.05.31"]
[SourceQuality "1"]

1. e4 c5 2. Nf3 d6 3. d4 cxd4 4. Nxd4 Nf6 5. Nc3 a6 6. Qf3 e6 7. Be3 Nbd7 8. h3 Qc7 9. g4 b5 10. a3 Bb7 11. g5 Ne5 12. Qg2 Nfd7 13. f4 Nc4 14. Bxc4 Qxc4 15. 0-0-0 Rc8 16. Kb1 b4 17. axb4 Qxb4 18. Nb3 Rxc3 19. bxc3 Qa4 20. Rd4 Qc6 21. Qd2 Nb6 22. Na5 Qb5+ 23. Rb4 Qxa5 24. Bxb6 Qa3 25. Bc5 1-0

[Event "FIDE World Uni Rapid-B 1st"]
[Site "Tornelo INT"]
[Date "2021.03.21"]
[Round "11"]
[White "Vojak, Daniel"]
[Black "Deepak, Kumar2222"]
[Result "1-0"]
[WhiteElo "2232"]
[BlackElo "1198"]
[PlyCount "104"]
[EventDate "2021.03.20"]
[EventType "swiss (rapid)"]
[EventRounds "12"]
[EventCountry "NET"]
[SourceTitle "CBM 201 Extra"]
[Source "ChessBase"]
[SourceDate "2021.05.31"]
[SourceVersion "1"]
[SourceVersionDate "2021.05.31"]
[SourceQuality "1"]

1. Nf3 d5 2. c4 Nf6 3. b3 e6 4. g3 Bd6 5. Bg2 c5 6. e3 Nc6 7. 0-0 0-0 8. Bb2 b6 9. Nc3 Bb7 10. Qe2 d4 11. exd4 Nxd4 12. Nxd4 Bxg2 13. Kxg2 cxd4 14. Nb5 Bc5 15. Qe5 Nd7 16. Qe2 e5 17. d3 a6 18. Na3 Qe7 19. Nc2 Rae8 20. Rae1 Nf6 21. a3 Qb7+ 22. Qf3 Qxf3+ 23. Kxf3 Nd7 24. b4 Bd6 25. Kg2 Re7 26. Re2 Rfe8 27. Rfe1 Nf6 28. f3 h6 29. Bc1 Kh7 30. Bd2 Nd7 31. Na1 f5 32. Nb3 Nf6 33. c5 bxc5 34. bxc5 Bc7 35. Nxd4 e4 36. Nxf5 exf3+ 37. Kxf3 Rxe2 38. Rxe2 Rxe2 39. Kxe2 Nd5 40. d4 Kg6 41. Ne3 Nf6 42. Kd3 Kf7 43. d5 Be5 44. Bc3 Bxc3 45. Kxc3 Ne4+ 46. Kd4 Nd2 47. c6 Ke7 48. Nf5+ Kd8 49. d6 Nb3+ 50. Kd5 Na5 51. c7+ Kd7 52. Ne7 Nc6 1-0

[Event "FIDE World Uni Rapid-B 1st"]
[Site "Tornelo INT"]
[Date "2021.03.21"]
[Round "7"]
[White "Vojak, Daniel"]
[Black "Gabuzyan, Hovhannes"]
[Result "1-0"]
[WhiteElo "2232"]
[BlackElo "2557"]
[PlyCount "89"]
[EventDate "2021.03.20"]
[EventType "swiss (rapid)"]
[EventRounds "12"]
[EventCountry "NET"]
[SourceTitle "CBM 201 Extra"]
[Source "ChessBase"]
[SourceDate "2021.05.31"]
[SourceVersion "1"]
[SourceVersionDate "2021.05.31"]
[SourceQuality "1"]

1. Nf3 c5 2. g3 g6 3. Bg2 Bg7 4. 0-0 Nc6 5. c4 e5 6. Nc3 d6 7. Ne1 Be6 8. Nd5 Nge7 9. a3 0-0 10. Rb1 a5 11. Nc2 a4 12. Nce3 Ra7 13. Nc3 f5 14. Nxa4 f4 15. Nd5 Nd4 16. Nac3 g5 17. d3 Ng6 18. e3 Nf5 19. Qh5 b6 20. Ne4 g4 21. exf4 Bxd5 22. cxd5 exf4 23. Ng5 Bd4 24. Ne6 Ng7 25. Qxg4 Nxe6 26. dxe6 Rg7 27. Be4 fxg3 28. hxg3 Nf4 29. Qxg7+ Kxg7 30. Bxf4 d5 31. Bg2 Rxf4 32. gxf4 Kf6 33. Rbe1 Ke7 34. f5 Bxb2 35. Rb1 Bd4 36. a4 Bc3 37. Rfc1 d4 38. Kf1 Ba5 39. Ke2 Kf6 40. Be4 Qe8 41. Rh1 Qxa4 42. Rh6+ Kg5 43. Rbh1 c4 44. Kf3 Qe8 45. R1h5+ 1-0

[Event "FIDE World Uni Rapid-B 1st"]
[Site "Tornelo INT"]
[Date "2021.03.21"]
[Round "10"]
[White "Vojak, Daniel"]
[Black "Shabdhik, Varma"]
[Result "0-1"]
[WhiteElo "2232"]
[BlackElo "1899"]
[PlyCount "52"]
[EventDate "2021.03.20"]
[EventType "swiss (rapid)"]
[EventRounds "12"]
[EventCountry "NET"]
[SourceTitle "CBM 201 Extra"]
[Source "ChessBase"]
[SourceDate "2021.05.31"]
[SourceVersion "1"]
[SourceVersionDate "2021.05.31"]
[SourceQuality "1"]

1. Nf3 Nf6 2. c4 c5 3. g3 e6 4. Bg2 Nc6 5. 0-0 d5 6. cxd5 exd5 7. d4 Be6 8. dxc5 Bxc5 9. b3 Rc8 10. Bb2 Nb4 11. Nc3 a6 12. Na4 Ba7 13. a3 Nc6 14. Rc1 0-0 15. Nc5 Qe7 16. Nxe6 fxe6 17. Bh3 Rcd8 18. Ng5 Rd6 19. e3 h6 20. Nf3 Ne4 21. Ne5 Nxf2 22. Rxf2 Bxe3 23. Rcc2 Rxf2 24. Rxf2 Bxf2+ 25. Kxf2 Qf6+ 26. Qf3 Nxe5 0-1

[Event "FIDE World Uni Rapid-B 1st"]
[Site "Tornelo INT"]
[Date "2021.03.20"]
[Round "5"]
[White "Panov, Alexandr1111"]
[Black "Vojak, Daniel"]
[Result "0-1"]
[WhiteElo "1703"]
[BlackElo "2232"]
[PlyCount "70"]
[EventDate "2021.03.20"]
[EventType "swiss (rapid)"]
[EventRounds "12"]
[EventCountry "NET"]
[SourceTitle "CBM 201 Extra"]
[Source "ChessBase"]
[SourceDate "2021.05.31"]
[SourceVersion "1"]
[SourceVersionDate "2021.05.31"]
[SourceQuality "1"]

1. e4 c6 2. d4 d5 3. exd5 cxd5 4. Bd3 Nc6 5. c3 Qc7 6. Ne2 Bg4 7. 0-0 e6 8. Qc2 Bd6 9. Bg5 Bxh2+ 10. Kh1 Bd6 11. Nd2 Nge7 12. b4 Bf5 13. b5 Nb4 14. cxb4 Qxc2 15. Bxc2 Bxc2 16. a3 Bd3 17. Rfe1 Bxb5 18. Nc3 Bd7 19. Nb3 b6 20. Rac1 f6 21. Bd2 Kf7 22. f4 h5 23. Kh2 Nf5 24. Kh3 Rac8 25. Ne2 Rc4 26. Rxc4 dxc4 27. Nbc1 Nxd4 28. Nxd4 e5+ 29. Kh4 exd4 30. Re4 c3 31. Be1 Bxf4 32. Rxf4 g5+ 33. Kg3 gxf4+ 34. Kxf4 Bb5 35. Ke4 Re8+ 0-1